Pakistan Nation, Nationalism and the State (Record no. 330735)

000 -LEADER
fixed length control field 00345nam a22001457a 4500
003 - CONTROL NUMBER IDENTIFIER
control field NUST
005 - DATE AND TIME OF LATEST TRANSACTION
control field 20180424045730.0
008 - FIXED-LENGTH DATA ELEMENTS--GENERAL INFORMATION
fixed length control field 170802b xxu||||| |||| 00| 0 eng d
040 ## - CATALOGING SOURCE
Transcribing agency NUST
082 ## - DEWEY DECIMAL CLASSIFICATION NUMBER
Classification number 954.9105
245 ## - TITLE STATEMENT
Title Pakistan Nation, Nationalism and the State
260 ## - PUBLICATION, DISTRIBUTION, ETC.
Place of publication, distribution, etc. Lahore
Name of publisher, distributor, etc. Vanguard
Date of publication, distribution, etc. 2005
300 ## - PHYSICAL DESCRIPTION
Extent 352p
942 ## - ADDED ENTRY ELEMENTS (KOHA)
Source of classification or shelving scheme
Koha item type Book
Holdings
Withdrawn status Lost status Source of classification or shelving scheme Damaged status Not for loan Collection code Permanent Location Current Location Shelving location Date acquired Total Checkouts Total Renewals Full call number Barcode Date last seen Date last checked out Price effective from Koha item type
            NUST Law School (NLS) NUST Law School (NLS) General Stacks 08/02/2017 23 11 954.9105 PAK S3H-D-301 04/13/2026 01/30/2026 08/02/2017 Book
© 2023 Central Library, National University of Sciences and Technology. All Rights Reserved.